000 00609cam a2200205 4500500
005 20260329002756.0
041 _afre
042 _adc
100 1 0 _aEltchaninoff, Michel
_eauthor
245 0 0 _aProcès Bo Xilai : un effet de vérité paradoxal
260 _c2013.
500 _a10
690 _aBo Xilai
690 _aChine
690 _aCorruption
690 _aJustice
690 _aSpectacle
786 0 _nPhilosophie magazine | 73 | 10 | 2013-10-01 | p. 11-11 | 1951-1787
856 4 1 _uhttps://shs.cairn.info/magazine-philosophie-magazine-2013-10-page-11?lang=fr&redirect-ssocas=7080
999 _c1818254
_d1818254